Another Country (Record no. 11141)

MARC details
000 -LEADER
fixed length control field 00316nam a22000977a 4500
008 - FIXED-LENGTH DATA ELEMENTS--GENERAL INFORMATION
fixed length control field 180922b ||||| |||| 00| 0 eng d
020 ## - INTERNATIONAL STANDARD BOOK NUMBER
International Standard Book Number 9788126040674
100 ## - MAIN ENTRY--PERSONAL NAME
Personal name Subramaniam, Arundhathi
9 (RLIN) 6905
245 ## - TITLE STATEMENT
Title Another Country
Remainder of title An Anthology of post-Independence Indian poetry in English
260 ## - PUBLICATION, DISTRIBUTION, ETC. (IMPRINT)
Place of publication, distribution, etc. Mumbai
Name of publisher, distributor, etc. Sahitya Akademy
Holdings
Withdrawn status Lost status Source of classification or shelving scheme Damaged status Koha normalized classification for sorting Not for loan Home library Current library Shelving location Date acquired Total Checkouts Full call number Barcode Date last seen Price effective from Koha item type
    Dewey Decimal Classification   SUB_821_000000000000000_L4   Good Samaritan School Library Good Samaritan School Library Poem 09/22/2018   SUB821 L-4 SUB15117 09/22/2018 09/22/2018 BOOK

Powered by Koha